000 00357nam a2200133Ia 4500
005 20251222144708.0
008 251222s9999||||xx |||||||||||||| ||spa||
020 _a978-603-45414-1-2
082 _a346.023/V19
100 _aValdivia Delgado, César
245 0 _aManual de la Nueva Ley de Contrataciones del Estado
264 _bEntrelíneas
942 _cLIB
999 _c17708
_d17708